Meditaciones para el aula: 38 meditaciones guiadas para el uso educativo y 48 propuestas para el desarrollo personal
Salvato in:
| Autore principale: | |
|---|---|
| Natura: | Libro |
| Lingua: | spagnolo |
| Pubblicazione: |
Madrid
PPC
2016
|
| Edizione: | 1a. ed |
| Soggetti: | |
| Tags: |
Aggiungi Tag
Nessun Tag, puoi essere il primo ad aggiungerne!!
|
MARC
| LEADER | 00000cam a2200000 a 4500 | ||
|---|---|---|---|
| 001 | UCC3346 | ||
| 003 | CL-VaPUC | ||
| 008 | 180427e20160000sp |||||||||||||||||spa|d | ||
| 020 | |a 9788428830096 | ||
| 082 | 0 | 4 | |a 248.34 |b SAN |2 21 |
| 100 | 0 | |a Sánchez Ramos, Lorenzo |e author |9 597364 | |
| 245 | 1 | 0 | |a Meditaciones para el aula: 38 meditaciones guiadas para el uso educativo y 48 propuestas para el desarrollo personal |
| 250 | |a 1a. ed | ||
| 300 | |a 183 p | ||
| 942 | |c BK | ||
| 945 | |d 20180427 13:12:00 |a arojas | ||
| 260 | |a Madrid |b PPC |c 2016 | ||
| 650 | 0 | |a Meditaciones |9 309833 | |
| 650 | 0 | |a Desarrollo Personal |9 390751 | |
| 650 | 0 | |a Vida espiritual |9 307811 | |
| 650 | 0 | |a Vida cristiana |9 258753 | |
| 583 | |a last modification |c 20180427 13:12:00 |k Rodrigo Vera | ||
| 999 | |c 371096 |d 371094 | ||
| 952 | |0 0 |1 0 |3 erb |4 0 |6 248_340000000000000_SAN_2016 |7 0 |8 A |9 487975 |a BIBTEO |b BIBTEO |i 5468655 |l 1 |o 248.34 SAN 2016 |p 5468655 |r 2025-01-17 |s 2024-09-05 |w 2019-11-24 |y BK |z Catalogado en:20180427 |k ICR | ||